zpět

Detail výsledku týmu

Cabaret café bar, Olomouc

Datum a čas kvízu

32.5 Celkem bodů Celkový počet nahraných bodů na tomto kvízu bez doplňovacích otázek.
3. Pořadí na kvízu Konečné umístění týmu na tomto kvízu.

Zaznamenané odpovědi

# Otázka Odpověď Body Výsledky
1. Pražská soukromá vysoká škola... je online 1
2. V pondělí večer byl v jednom i... Janov 1
3. Minulý týden byl odhalen trail... Bábovky 1
4. Společnost Škoda Auto má novéh... Jihoafrická republika 1
5. Za fotbalovou Spartu budou nas... Ladislav Krejčí 1
6. Historie kulečníkových her sah... slonovina 1
7. Kulečník, nebo také biliár (z... snooker 1
8. Osmička (Eight-ball) se hraje... A 0
9. Nyní vám pustíme ukázku ze ser... karambol 0
10. Barva peněz je snímek z roku 1... Tom Cruise 0